|
|
|
|
| LEADER |
00000cam a2200000 7i4500 |
| 001 |
0000278790 |
| 005 |
20210430113728.0 |
| 006 |
aa ###gg# ####### |
| 007 |
tt |
| 008 |
210430t xx a g## ##0engm# |
| 020 |
|
|
|a 9783899862973
|
| 040 |
|
|
|a MBPJ
|b eng
|c MBPJ
|e rda
|
| 090 |
0 |
0 |
|a 747.8551
|b HEA
|
| 240 |
1 |
0 |
|a Wie Kunst im Krankenhaus Heilung fordert
|l English
|
| 245 |
0 |
0 |
|a Healing ART :
|b How art in hospitals promotes healing
|c edited by Isabel Gruner with the Robert Bosch Hospital
|
| 264 |
|
0 |
|c ©2019
|
| 264 |
|
1 |
|a Germany :
|b Avediation GmbH
|c [2019]
|
| 300 |
|
|
|a 242 page ;
|c colou illustrations. ;
|c 28 cm.
|
| 336 |
|
|
|a still image
|2 rdacontent
|
| 336 |
|
|
|a text
|2 rdacontent
|
| 337 |
|
|
|a unmediated
|2 rdamedia
|
| 338 |
|
|
|a volume
|2 rdacarrier
|
| 650 |
|
0 |
|a Art in hospitals
|z Germany
|z Stuttgart
|
| 650 |
|
0 |
|a Art therapy
|z Germany
|z Stuttgart
|
| 700 |
1 |
|
|a Gruner, Isabel ,
|e editor
|
| 710 |
2 |
|
|a Robert Bosch Hospital
|e issuing body
|
| 999 |
|
|
|a 00384522
|b BUKU
|c RUJUKAN
|e PERPUSTAKAAN KOMUNITI PETALING JAYA
|